000 00256nam a2200097Ia 4500
008 240331s9999 xx 000 0 und d
082 _bBAL
100 _aBalasuriya, Tissa
245 0 _aDevelopment and under-development in Sri Lanka 1977-1985 :
_b-
942 _cL
999 _c2668
_d2668